|
|
|
|
| LEADER |
00732nab a2200193 i 4500 |
| 001 |
acta4326 |
| 005 |
20250827155537.0 |
| 008 |
161015s1992 hu o 000 hun d |
| 040 |
|
|
|a SZTE Egyetemi Kiadványok Repozitórium
|b hun
|
| 041 |
|
|
|a hun
|
| 100 |
1 |
|
|a Szegfű László
|
| 245 |
1 |
0 |
|a Lehetett-e Kolombusz Kristóf magyar?
|h [elektronikus dokumentum] /
|c Szegfű László
|
| 260 |
|
|
|a Belvedere Meridionale
|b Szeged
|c 1992
|
| 300 |
|
|
|a 17-18
|
| 490 |
0 |
|
|a Belvedere Meridionale
|v 4 No. 1-2
|
| 650 |
|
4 |
|a Bölcsészettudományok
|
| 650 |
|
4 |
|a Történettudomány és régészet
|
| 695 |
|
|
|a Colombo Cristoforo, Amerika felfedezése - 1492
|
| 856 |
4 |
0 |
|u http://acta.bibl.u-szeged.hu/4326/1/belvedere_1992_001_002_017-018.pdf
|z Dokumentum-elérés
|